000 00320nam a2200145Ia 4500
100 _aBiegel/John E
942 _cBK
654 _aProduction Control
245 _aProduction Control
260 _bPrentice Hall of India
_aNEW DELHI
_c1987
082 _a604.2
_bBie
300 _a282
546 _aENGLISH
999 _c27328
_d27328